[Event "IV Weekend"]
[Site "Grammichele ITA"]
[Date "1995.??.??"]
[Round "5"]
[White "Fabiano, Giuseppe"]
[Black "Alaimo, Riccardo"]
[Result "0-1"]
[WhiteElo "2230"]
[BlackElo "1933"]
[PlyCount "86"]
[EventDate "1995.??.??"]

1. Nf3 d5 2. g3 c5 3. Bg2 g6 4. O-O Bg7 5. d3 e6 6. e4 Ne7 7. c3 Nbc6 8. Qe2 b6
9. e5 h6 10. h4 a5 11. a4 Ba6 12. Na3 g5 13. hxg5 Ng6 14. gxh6 Bxh6 15. Nb5
Bxb5 16. axb5 Nce7 17. c4 Ra7 18. Bxh6 Rxh6 19. Nh2 Nf5 20. Ng4 Nd4 21. Qd1 Rh8
22. f4 dxc4 23. dxc4 Ne7 24. Ra3 Nef5 25. Rd3 Ke7 26. Nf6 Qf8 27. Kf2 Ra8 28.
Rh1 Rd8 29. Be4 Nh6 30. Rh5 Qg7 31. Rg5 Qf8 32. b4 axb4 33. Qa4 Ra8 34. Bxa8
Qxa8 35. Qa6 Nhf5 36. Rh5 Qxa6 37. bxa6 Ra8 38. Rh7 Rxa6 39. Ng8+ Kd8 40. Rh8
Ra2+ 41. Ke1 Re2+ 42. Kd1 Ne3+ 43. Kc1 Rc2+ 0-1

[Event "IV Weekend"]
[Site "Grammichele ITA"]
[Date "1995.??.??"]
[Round "6"]
[White "Alaimo, Riccardo"]
[Black "Sangiorgi, Salvatore"]
[Result "1-0"]
[WhiteElo "1933"]
[BlackElo "1616"]
[PlyCount "43"]
[EventDate "1995.??.??"]

1. e4 e5 2. Nf3 Nc6 3. Bc4 Bc5 4. c3 Nf6 5. d4 exd4 6. cxd4 Bb4+ 7. Nc3 Nxe4 8.
O-O Nxc3 9. bxc3 d5 10. cxb4 dxc4 11. Re1+ Ne7 12. Qe2 Be6 13. Bg5 Qd5 14. Bxe7
Kxe7 15. Ne5 b5 16. Qh5 f6 17. Ng6+ hxg6 18. Qxd5 Rhd8 19. Qxe6+ Kf8 20. Qe7+
Kg8 21. Qxc7 Rxd4 22. Re7 1-0

[Event "IV Weekend"]
[Site "Grammichele ITA"]
[Date "1995.??.??"]
[Round "8"]
[White "Alaimo, Riccardo"]
[Black "Genovese, Maurizio"]
[Result "0-1"]
[WhiteElo "1933"]
[BlackElo "2255"]
[PlyCount "120"]
[EventDate "1995.??.??"]

1. e4 c6 2. d4 g6 3. Nc3 Bg7 4. Bc4 b5 5. Bb3 a5 6. a3 d6 7. Qf3 e6 8. Nge2 Bb7
9. O-O Nd7 10. Qg3 Nb6 11. Bf4 Nf6 12. Qd3 O-O 13. Bg5 b4 14. Na4 Nxa4 15. Bxa4
Qb6 16. Qf3 Ba6 17. c3 bxc3 18. bxc3 Qb2 19. Rfe1 Bxe2 20. Qxe2 Qxc3 21. e5
dxe5 22. Bxf6 Bxf6 23. dxe5 Bg7 24. Rec1 Qxe5 25. Qxe5 Bxe5 26. Rab1 Rab8 27.
Rxb8 Rxb8 28. Bxc6 Rb2 29. a4 Bd4 30. Rf1 e5 31. g4 h6 32. Kg2 Kg7 33. Kg3 f5
34. gxf5 gxf5 35. f3 Be3 36. Kh3 Kf6 37. Re1 Bf4 38. Rh1 Ke6 39. Bb5 Kd6 40.
Ba6 e4 41. fxe4 fxe4 42. Bb5 Ke5 43. Bc6 Rf2 44. Bb7 e3 45. Ba6 e2 46. Re1
Rxh2+ 47. Kg4 h5+ 48. Kf3 Rh3+ 49. Kg2 Ra3 50. Rxe2+ Kf5 51. Bb5 h4 52. Rf2 h3+
53. Kh1 Kg4 54. Rf1 Kg3 55. Rg1+ Kh4 56. Rf1 Bg3 57. Kg1 Ra2 58. Bd7 Rg2+ 59.
Kh1 Bf2 60. Bc6 Kg3 0-1

[Event "Open A"]
[Site "Lecco ITA"]
[Date "1995.??.??"]
[Round "2"]
[White "Miatello, Alberto"]
[Black "Mione, Dario"]
[Result "0-1"]
[WhiteElo "1815"]
[BlackElo "1930"]
[PlyCount "56"]
[EventDate "1995.??.??"]

1. e4 e6 2. d4 d5 3. e5 c5 4. c3 Nc6 5. Nf3 Bd7 6. Be2 cxd4 7. cxd4 Nge7 8. Nc3
Ng6 9. g3 Be7 10. h4 O-O 11. h5 Nh8 12. h6 g6 13. Nh2 f6 14. f4 fxe5 15. dxe5
Qb6 16. Nf3 Nf7 17. Bd3 Nfxe5 18. fxe5 Nxe5 19. Rf1 Rxf3 20. Rxf3 Nxf3+ 21.
Qxf3 Rf8 22. Qe2 Qg1+ 23. Kd2 Rf2 24. b3 Rxe2+ 25. Nxe2 Bb4+ 26. Kc2 Qc5+ 27.
Kd1 e5 28. Bb2 Qe3 0-1

[Event "VII Festival"]
[Site "Lucca ITA"]
[Date "1995.10.??"]
[Round "?"]
[White "Bartolini, Tommaso"]
[Black "Valori, Vincenzo"]
[Result "1-0"]
[WhiteElo "2090"]
[BlackElo "1905"]
[PlyCount "69"]
[EventDate "1995.10.15"]

1. e4 c5 2. Nf3 Nc6 3. Bb5 g6 4. O-O Bg7 5. c3 Nf6 6. Re1 O-O 7. d4 cxd4 8.
cxd4 Qb6 9. Nc3 a6 10. Bf1 d6 11. h3 h6 12. Be3 Qd8 13. Qd2 Kh7 14. Rad1 e6 15.
Qc1 Qa5 16. a3 d5 17. e5 Nd7 18. h4 Ne7 19. Bd3 Nf5 20. h5 Qd8 21. Ne2 Rh8 22.
hxg6+ fxg6 23. Nf4 Nf8 24. Qb1 Bd7 25. g4 Nh4 26. Nxh4 Qxh4 27. Bxg6+ Kg8 28.
Bh5 Be8 29. Qc2 Nh7 30. Ng6 Qh3 31. Bf4 Bxg6 32. Qxg6 Nf8 33. Qf7+ Kh7 34. Re3
Qh4 35. Rdd3 1-0

[Event "VII Festival"]
[Site "Lucca ITA"]
[Date "1995.10.??"]
[Round "?"]
[White "Mola, Pietro"]
[Black "Pieri, Filippo"]
[Result "1-0"]
[WhiteElo "2140"]
[BlackElo "2220"]
[PlyCount "43"]
[EventDate "1995.10.15"]

1. e4 c5 2. c3 Nf6 3. e5 Nd5 4. d4 cxd4 5. Nf3 e6 6. cxd4 b6 7. Nc3 Nxc3 8.
bxc3 Qc7 9. Be2 Qxc3+ 10. Bd2 Qa3 11. Rc1 Ba6 12. Ng5 Be7 13. Bf3 Nc6 14. Rxc6
Rb8 15. Rc2 O-O 16. Be2 Bxe2 17. Qxe2 Rbc8 18. Rxc8 Rxc8 19. O-O h6 20. Ne4
Qxa2 21. Qg4 Kf8 22. Bxh6 1-0

[Event "VII Festival"]
[Site "Lucca ITA"]
[Date "1995.10.??"]
[Round "?"]
[White "Valori, Vincenzo"]
[Black "Efimov, Igor"]
[Result "0-1"]
[WhiteElo "1905"]
[BlackElo "2450"]
[PlyCount "40"]
[EventDate "1995.10.15"]

1. e4 c5 2. Nc3 Nc6 3. f4 e6 4. Nf3 a6 5. d3 d5 6. g3 b5 7. exd5 exd5 8. Bg2
Nf6 9. O-O Be7 10. Ne5 Bb7 11. Nxc6 Bxc6 12. Ne2 Qd7 13. Kh1 h5 14. h3 d4 15.
Ng1 Nd5 16. Nf3 f6 17. Nh4 O-O-O 18. Ng6 Bd6 19. Nxh8 Ne3 20. Bxe3 Qxh3+ 0-1

[Event "Festival"]
[Site "Marostica ITA"]
[Date "1995.09.??"]
[Round "1"]
[White "Bertacco, Piero"]
[Black "Pastres, Roberto"]
[Result "0-1"]
[WhiteElo "1747"]
[BlackElo "2220"]
[PlyCount "86"]
[EventDate "1995.09.08"]

1. d4 f5 2. g3 Nf6 3. Bg2 g6 4. c4 Bg7 5. e3 d6 6. Nc3 c6 7. Nge2 O-O 8. O-O
Qe8 9. d5 Na6 10. Rb1 Nc7 11. dxc6 bxc6 12. Nd4 Bd7 13. b3 d5 14. cxd5 cxd5 15.
Bb2 e5 16. Nde2 e4 17. Qd2 Rd8 18. Nd4 Ng4 19. Rfd1 g5 20. Nce2 Qh5 21. h3 Ne5
22. Nc3 f4 23. exf4 gxf4 24. gxf4 Nd3 25. Nce2 Bxh3 26. Bxh3 Qxh3 27. Qe3 Qh5
28. Ng3 Qg4 29. f5 Be5 30. Ba3 Nxf2 31. Kxf2 Bf4 32. Qc3 e3+ 33. Ke1 Bxg3+ 34.
Kf1 Rfe8 35. Rd3 e2+ 36. Kg2 Be1+ 37. Rg3 Bxg3 38. Qxg3 Qxg3+ 39. Kxg3 e1=Q+
40. Rxe1 Rxe1 41. Nc6 Rde8 42. Bc5 a6 43. Kf4 Kf7 0-1

[Event "Festival"]
[Site "Marostica ITA"]
[Date "1995.09.??"]
[Round "1"]
[White "Borgo, Giulio"]
[Black "Alberton, Roberto"]
[Result "1-0"]
[WhiteElo "2345"]
[BlackElo "2054"]
[PlyCount "69"]
[EventDate "1995.09.08"]

1. e4 c6 2. d4 d5 3. exd5 cxd5 4. Bd3 Nc6 5. c3 Nf6 6. h3 e5 7. dxe5 Nxe5 8.
Nf3 Nxd3+ 9. Qxd3 Be7 10. Be3 O-O 11. Nbd2 Be6 12. O-O Qc8 13. Nd4 Re8 14. Rfe1
Bd6 15. N2f3 Qc4 16. Qe2 Qxe2 17. Rxe2 a6 18. Nxe6 fxe6 19. Bd4 Ne4 20. c4 Rac8
21. cxd5 exd5 22. Rd1 h6 23. Kf1 Kf7 24. Nd2 Bc5 25. Nxe4 dxe4 26. Bxc5 Rxc5
27. Rd7+ Kf6 28. Rxb7 Re6 29. Rb4 Rc1+ 30. Re1 Rxe1+ 31. Kxe1 Ke5 32. Ra4 Rc6
33. Kd2 Rd6+ 34. Ke2 Rc6 35. Ke3 1-0

[Event "Festival"]
[Site "Marostica ITA"]
[Date "1995.09.??"]
[Round "1"]
[White "Caruso, Augusto"]
[Black "Danieli, Enrico"]
[Result "1-0"]
[WhiteElo "2220"]
[BlackElo "1903"]
[PlyCount "49"]
[EventDate "1995.09.08"]

1. e4 d5 2. exd5 Nf6 3. d4 Nxd5 4. c4 Nb6 5. Nc3 Nc6 6. d5 Ne5 7. Qd4 Nc6 8.
Qe4 Nb4 9. a3 Na6 10. b4 g6 11. Qd4 Rg8 12. Bb2 Bg7 13. Qe3 e6 14. O-O-O Qe7
15. Nf3 exd5 16. Qxe7+ Kxe7 17. c5 Bxc3 18. Bxc3 Na4 19. Be5 c6 20. Bxa6 bxa6
21. Kc2 Nb6 22. cxb6 axb6 23. Bc7 Bf5+ 24. Kb2 c5 25. Bxb6 1-0

[Event "Festival"]
[Site "Marostica ITA"]
[Date "1995.09.??"]
[Round "1"]
[White "Csom, Istvan"]
[Black "Elstner, Herbert"]
[Result "1-0"]
[WhiteElo "2455"]
[BlackElo "2215"]
[PlyCount "45"]
[EventDate "1995.09.08"]

1. c4 e5 2. g3 Nc6 3. Bg2 g6 4. Nc3 Bg7 5. e4 Nge7 6. Nge2 d6 7. d3 O-O 8. O-O
h6 9. Rb1 a5 10. h3 f5 11. f4 Be6 12. Nd5 Qd7 13. Kh2 Rf7 14. b3 Raf8 15. Bb2
Nd4 16. Nxe7+ Rxe7 17. fxe5 Nxe2 18. Qxe2 fxe4 19. Rxf8+ Bxf8 20. exd6 exd3 21.
Qxd3 Bf5 22. Bd5+ Kh7 23. dxe7 1-0

[Event "Festival"]
[Site "Marostica ITA"]
[Date "1995.09.??"]
[Round "1"]
[White "Di Lazzaro, Gabriele"]
[Black "Nurkic, Sahbaz"]
[Result "0-1"]
[WhiteElo "2115"]
[BlackElo "2420"]
[PlyCount "50"]
[EventDate "1995.09.08"]

1. Nf3 g6 2. d4 Bg7 3. b3 Nf6 4. Bb2 O-O 5. g3 d6 6. Bg2 Nc6 7. O-O a5 8. a3 e5
9. dxe5 Nd7 10. c4 Nc5 11. Nc3 dxe5 12. Qc2 Nd4 13. Nxd4 exd4 14. Nb5 a4 15.
Nxd4 Bxd4 16. Rad1 Nxb3 17. e3 Bf5 18. Qe2 Re8 19. Bxb7 Rb8 20. Bc6 Qf6 21.
Bxe8 Rxe8 22. Rxd4 Nxd4 23. Bxd4 Qxd4 24. exd4 Rxe2 25. Rc1 Rc2 0-1

[Event "Festival"]
[Site "Marostica ITA"]
[Date "1995.09.??"]
[Round "1"]
[White "Giuriati, Paolo"]
[Black "Lucaroni, Massimiliano"]
[Result "0-1"]
[WhiteElo "1957"]
[BlackElo "2280"]
[PlyCount "96"]
[EventDate "1995.09.08"]

1. d4 Nf6 2. Nf3 e6 3. c4 d5 4. Nc3 Nbd7 5. Bf4 Bb4 6. a3 Bxc3+ 7. bxc3 O-O 8.
e3 c5 9. Qc2 Qa5 10. Bd3 dxc4 11. Bxc4 b5 12. Bd3 c4 13. Be2 Ne4 14. Rc1 Qxa3
15. O-O Bb7 16. Ne1 Qb3 17. f3 Qxc2 18. Rxc2 Nef6 19. e4 a5 20. Rb2 Bc6 21. Nc2
Nb6 22. Bd2 Rfc8 23. Ra2 Na4 24. Rb1 Bxe4 25. Rxb5 Bxc2 26. Rxc2 Nd5 27. Rb1
Nab6 28. Rcb2 a4 29. Ra2 Ra5 30. Ra3 Kf8 31. Kf2 Ke7 32. Ke1 Kd6 33. Kd1 Kd7
34. Kc2 Rc6 35. f4 Nc7 36. Bf3 Rd6 37. Be1 Nb5 38. Ra2 Nd5 39. Bd2 g6 40. Be2
Rc6 41. Rba1 a3 42. Rb1 h5 43. Bf3 Rb6 44. Be2 Ra4 45. Bd1 Nbxc3 46. Rxb6 Nxa2
47. Rb7+ Kc8 48. Rb5 c3 0-1

[Event "Festival"]
[Site "Marostica ITA"]
[Date "1995.09.??"]
[Round "1"]
[White "Godena, Michele"]
[Black "Rossi, Giampiero"]
[Result "1-0"]
[WhiteElo "2420"]
[BlackElo "2135"]
[PlyCount "59"]
[EventDate "1995.09.08"]

1. e4 c5 2. c3 d5 3. exd5 Qxd5 4. d4 e6 5. Nf3 Nc6 6. Na3 Nf6 7. Be2 cxd4 8.
Nb5 Qd8 9. Nbxd4 Nxd4 10. Nxd4 e5 11. Bb5+ Bd7 12. Qe2 Qe7 13. Bxd7+ Nxd7 14.
Nb5 Kd8 15. Be3 a6 16. Na3 Qe6 17. Nc4 Kc7 18. O-O Be7 19. Rfd1 Rad8 20. b4 f6
21. Rab1 b5 22. Na5 Nb8 23. a4 bxa4 24. b5 Rxd1+ 25. Qxd1 Rd8 26. b6+ Kc8 27.
Qxa4 Qd5 28. b7+ Kc7 29. Bb6+ Kd6 30. Bxd8 1-0

[Event "Festival"]
[Site "Marostica ITA"]
[Date "1995.09.??"]
[Round "1"]
[White "Negro, Roberto"]
[Black "Mantovani, Renzo"]
[Result "0-1"]
[WhiteElo "2164"]
[BlackElo "2365"]
[PlyCount "72"]
[EventDate "1995.09.08"]

1. d4 Nf6 2. c4 c5 3. d5 g6 4. Nc3 Bg7 5. e4 O-O 6. f4 d6 7. Nf3 e6 8. Be2 exd5
9. cxd5 Bg4 10. e5 Ne8 11. Ng5 Bxe2 12. Qxe2 Nc7 13. e6 fxe6 14. dxe6 Nc6 15.
O-O Qe7 16. f5 Nd4 17. Qe4 Nxf5 18. Bd2 d5 19. Qg4 Bd4+ 20. Kh1 Be3 21. Bxe3
Nxe3 22. Rxf8+ Rxf8 23. Qg3 Nf5 24. Qe5 Qxg5 25. Qxc7 Ne3 26. Rg1 Rf1 27. Qc8+
Kg7 28. Qc7+ Kh6 29. Qg3 Qxg3 30. hxg3 Rf5 31. Re1 d4 32. Nb5 Re5 33. Nc7 Kg7
34. Re2 Kf6 35. Kg1 Ke7 36. Rf2 Rf5 0-1

[Event "Festival"]
[Site "Marostica ITA"]
[Date "1995.09.??"]
[Round "1"]
[White "Pegoraro, Giorgio"]
[Black "Sedina, Elena"]
[Result "0-1"]
[WhiteElo "2094"]
[BlackElo "2350"]
[PlyCount "74"]
[EventDate "1995.09.08"]

1. e4 Nf6 2. e5 Nd5 3. d4 d6 4. Nf3 Bg4 5. h3 Bxf3 6. Qxf3 dxe5 7. dxe5 Nc6 8.
Bc4 e6 9. Qe4 a6 10. O-O Nb6 11. Bb3 Qd4 12. Qxd4 Nxd4 13. Nc3 Nd7 14. Bf4 Bb4
15. Rfe1 Nc5 16. Rad1 O-O-O 17. Bg5 Bxc3 18. bxc3 Ne2+ 19. Kf1 Rxd1 20. Rxd1
Nxc3 21. Rd4 N5e4 22. Be7 Re8 23. Ba3 b5 24. Rd3 Rd8 25. Bb4 Rxd3 26. cxd3 Nd2+
27. Ke1 Nxb3 28. axb3 Nd5 29. Bf8 g6 30. g3 a5 31. Bc5 Kb7 32. Kd2 Kc6 33. d4
Nb6 34. Kd3 Kd5 35. Be7 Nd7 36. Bd8 c5 37. dxc5 Kxc5 0-1

[Event "Festival"]
[Site "Marostica ITA"]
[Date "1995.09.??"]
[Round "1"]
[White "Rosino, Antonio"]
[Black "Torelli, Mirco"]
[Result "1-0"]
[WhiteElo "2320"]
[BlackElo "1998"]
[PlyCount "91"]
[EventDate "1995.09.08"]

1. e4 c5 2. c3 e5 3. Bc4 Nc6 4. Nf3 Qc7 5. O-O Nf6 6. Re1 Be7 7. Na3 a6 8. Bf1
O-O 9. Nc4 b5 10. Ne3 d6 11. d4 Bg4 12. Nxg4 Nxg4 13. h3 Nf6 14. a4 c4 15. b3
Na5 16. bxc4 Nxc4 17. Qb3 Rab8 18. axb5 axb5 19. Bg5 Rfc8 20. d5 h6 21. Bxf6
Bxf6 22. Ra6 Qc5 23. Rb1 Be7 24. Qb4 Rc7 25. Qxc5 Rxc5 26. Rc6 Rxc6 27. dxc6
Rc8 28. Bxc4 bxc4 29. Rb6 Bd8 30. Ra6 Bg5 31. Kf1 Kf8 32. h4 Bf4 33. g3 Bc1 34.
Ke2 g5 35. Kd1 gxh4 36. Kxc1 hxg3 37. fxg3 Ke7 38. Nd2 f5 39. Nxc4 fxe4 40.
Ra7+ Ke6 41. c7 d5 42. Nb6 Rg8 43. c8=Q+ Rxc8 44. Nxc8 d4 45. cxd4 exd4 46. Ra5
1-0

[Event "Festival"]
[Site "Marostica ITA"]
[Date "1995.09.??"]
[Round "1"]
[White "Sarno, Spartaco"]
[Black "Duarte, Riccardo"]
[Result "1-0"]
[WhiteElo "2405"]
[BlackElo "2050"]
[PlyCount "73"]
[EventDate "1995.09.08"]

1. c4 Nf6 2. Nf3 e6 3. g3 c6 4. Bg2 d5 5. b3 Bd6 6. Bb2 Nbd7 7. O-O e5 8. cxd5
Nxd5 9. Na3 f6 10. Nc4 Bc7 11. e4 Ne7 12. d4 b5 13. Ne3 Bb7 14. Qc2 O-O 15.
Rad1 Qe8 16. Ba3 Rc8 17. Rfe1 Ba5 18. Re2 b4 19. Bxb4 Bxb4 20. Qc4+ Qf7 21.
Qxb4 Ba6 22. Rc2 exd4 23. Qxd4 Nb6 24. Qd6 Bb5 25. Bh3 f5 26. Nxf5 Nxf5 27.
Bxf5 Rce8 28. Ng5 Qh5 29. Bxh7+ Kh8 30. h4 Nd5 31. Rdd2 Nf4 32. Bf5 Rxf5 33.
exf5 Nh3+ 34. Nxh3 Re1+ 35. Kh2 Qg4 36. Qd8+ Kh7 37. Ng5+ 1-0

[Event "Festival"]
[Site "Marostica ITA"]
[Date "1995.09.??"]
[Round "1"]
[White "Ventura, Boris"]
[Black "Rossi, Carlo"]
[Result "0-1"]
[WhiteElo "2038"]
[BlackElo "2330"]
[PlyCount "68"]
[EventDate "1995.09.08"]

1. e4 c6 2. d4 d5 3. Nc3 dxe4 4. Nxe4 Nf6 5. Ng3 h5 6. h4 Bg4 7. Qd3 Qc7 8.
N1e2 e5 9. Bg5 Nbd7 10. O-O-O O-O-O 11. dxe5 Nxe5 12. Qxd8+ Qxd8 13. Rxd8+ Kxd8
14. f3 Be6 15. Nf4 Bxa2 16. Ngxh5 Ned7 17. b3 Ba3+ 18. Kd2 Kc7 19. Bxf6 gxf6
20. Bd3 Bb2 21. c3 Nc5 22. Kc2 Ba3 23. b4 Bb3+ 24. Kd2 Nxd3 25. Kxd3 Rd8+ 26.
Ke2 Bb2 27. Ng7 Bxc3 28. h5 Bxb4 29. h6 Rh8 30. Nf5 Bc2 31. Nd5+ Kd7 32. Nde3
Ba4 33. Rb1 Bb5+ 34. Kf2 Bc5 0-1

[Event "Festival"]
[Site "Marostica ITA"]
[Date "1995.09.??"]
[Round "1"]
[White "Ventura, Sergio"]
[Black "Micheli, Carlo"]
[Result "1/2-1/2"]
[WhiteElo "1998"]
[BlackElo "2295"]
[PlyCount "83"]
[EventDate "1995.09.08"]

1. f4 c5 2. Nf3 g6 3. e3 Bg7 4. Be2 d6 5. O-O Nc6 6. d3 Nh6 7. c3 e5 8. fxe5
dxe5 9. e4 O-O 10. Na3 f6 11. Be3 b6 12. h3 Qe7 13. Qa4 Bd7 14. Qa6 Nf7 15. Nc4
Rfb8 16. a4 Be8 17. Bf2 Rd8 18. Ne3 Nd6 19. Nd5 Qd7 20. d4 exd4 21. Bb5 Qf7 22.
cxd4 Nxe4 23. dxc5 Rxd5 24. cxb6 Nb4 25. b7 Rb8 26. Qxa7 Rdd8 27. Rad1 Rxb7 28.
Rxd8 Rxa7 29. Rxe8+ Qxe8 30. Bxe8 Re7 31. Bb5 f5 32. Bd4 Bh6 33. Rd1 Nc2 34.
Bc4+ Kf8 35. Bb6 Rb7 36. Rd8+ Ke7 37. Rh8 Rxb6 38. Rxh7+ Kf8 39. Rxh6 Kg7 40.
Rh4 Rxb2 41. Bd3 Ne3 42. Ne1 1/2-1/2

[Event "Festival"]
[Site "Marostica ITA"]
[Date "1995.09.??"]
[Round "2"]
[White "Alberton, Roberto"]
[Black "Coppini, Giorgio"]
[Result "1/2-1/2"]
[WhiteElo "2054"]
[BlackElo "2210"]
[PlyCount "24"]
[EventDate "1995.09.08"]

1. e4 d6 2. d4 Nf6 3. Nc3 g6 4. h3 Bg7 5. Nf3 c6 6. a4 O-O 7. Be2 Qc7 8. O-O
Nbd7 9. Be3 e5 10. dxe5 dxe5 11. Qd2 Re8 12. Rfd1 Qa5 1/2-1/2

[Event "Festival"]
[Site "Marostica ITA"]
[Date "1995.09.??"]
[Round "2"]
[White "Bancod, Ronald"]
[Black "Caruso, Augusto"]
[Result "1-0"]
[WhiteElo "2385"]
[BlackElo "2220"]
[PlyCount "69"]
[EventDate "1995.09.08"]

1. e4 e5 2. Nf3 Nc6 3. Bc4 Nf6 4. d3 Bc5 5. O-O O-O 6. c3 d6 7. b4 Bb6 8. a4 a5
9. b5 Ne7 10. Bg5 Ng6 11. Nh4 Kh8 12. Qb3 h6 13. Bxf7 Nxh4 14. Bxh4 g5 15. Bg3
Kg7 16. Be6 h5 17. h3 h4 18. Bh2 Nh5 19. Nd2 Ng3 20. Nf3 Rxf3 21. gxf3 Qf6 22.
Bf5 Nxf5 23. exf5 Bxf5 24. Qd5 Bxh3 25. Rfe1 Be6 26. Qxb7 Rf8 27. d4 exd4 28.
Bxd6 Qf5 29. Re5 Qh3 30. Bxf8+ Kxf8 31. Qa8+ Kf7 32. c4 d3 33. c5 g4 34. Rxe6
Kxe6 35. cxb6 1-0

[Event "Festival"]
[Site "Marostica ITA"]
[Date "1995.09.??"]
[Round "2"]
[White "Danieli, Enrico"]
[Black "Negro, Roberto"]
[Result "1-0"]
[WhiteElo "1903"]
[BlackElo "2164"]
[PlyCount "95"]
[EventDate "1995.09.08"]

1. Nf3 d6 2. d4 Nc6 3. e4 Nf6 4. Nc3 Bg4 5. Be2 e6 6. Be3 Be7 7. Nd2 Bxe2 8.
Qxe2 d5 9. e5 Nd7 10. Qg4 g6 11. O-O Ndxe5 12. dxe5 d4 13. Nf3 dxe3 14. fxe3
Bf8 15. Rad1 Qe7 16. Ne4 Bg7 17. Qf4 Rd8 18. Nf6+ Kf8 19. Rxd8+ Qxd8 20. Ng5
Bxf6 21. exf6 h6 22. Nh3 Ke8 23. Qf3 Qd2 24. Nf4 Qxc2 25. Nxe6 Kd7 26. Qd5+ Kc8
27. Rd1 fxe6 28. Qd7+ Kb8 29. f7 a6 30. Qe8+ Rxe8 31. fxe8=Q+ Ka7 32. Rf1 Qxb2
33. Qxe6 Ne5 34. Qd5 Nc6 35. Qc5+ Qb6 36. Qxb6+ cxb6 37. Rf6 b5 38. Rxg6 a5 39.
Rxh6 a4 40. Rd6 b4 41. h4 Kb6 42. h5 Kc5 43. Rd1 Kc4 44. h6 Ne5 45. h7 Ng6 46.
e4 Kc3 47. e5 Kc2 48. Rf1 1-0

[Event "Festival"]
[Site "Marostica ITA"]
[Date "1995.09.??"]
[Round "2"]
[White "Duarte, Riccardo"]
[Black "Ventura, Boris"]
[Result "0-1"]
[WhiteElo "2050"]
[BlackElo "2038"]
[PlyCount "96"]
[EventDate "1995.09.08"]

1. e4 Nc6 2. d4 d5 3. e5 Bf5 4. Nf3 e6 5. c3 f6 6. Bb5 Nge7 7. Bf4 a6 8. Ba4 b5
9. exf6 gxf6 10. Bc2 Bxc2 11. Qxc2 Ng6 12. Be3 Bd6 13. Nbd2 Qd7 14. a4 O-O 15.
Bh6 Rfe8 16. O-O e5 17. dxe5 fxe5 18. h3 e4 19. axb5 Nce7 20. Nd4 Nf5 21. Nxf5
Qxf5 22. Qd1 axb5 23. Rxa8 Rxa8 24. Qe2 c6 25. Rd1 Bc5 26. Nb3 Bb6 27. Nd2 Nf4
28. Bxf4 Qxf4 29. Nb3 Ra2 30. Rf1 e3 31. Nd4 exf2+ 32. Qxf2 Qxf2+ 33. Rxf2 Bxd4
34. cxd4 Ra4 35. Rd2 Rb4 36. Kf2 Kf7 37. Ke3 Ke6 38. g3 Rb3+ 39. Kf2 Kf5 40.
Rc2 Rd3 41. Rxc6 Rxd4 42. Ke2 Rb4 43. Rc2 Ke4 44. Rd2 d4 45. Kf2 d3 46. g4 Rc4
47. Ke1 Ke3 48. Kd1 Ra4 0-1

[Event "Festival"]
[Site "Marostica ITA"]
[Date "1995.09.??"]
[Round "2"]
[White "Elstner, Herbert"]
[Black "Ventura, Sergio"]
[Result "0-1"]
[WhiteElo "2215"]
[BlackElo "1998"]
[PlyCount "94"]
[EventDate "1995.09.08"]

1. e4 c6 2. d4 d5 3. e5 Bf5 4. g4 Be4 5. f3 Bg6 6. h4 h5 7. e6 Qd6 8. exf7+
Bxf7 9. g5 Qg3+ 10. Ke2 Nd7 11. Be3 Qd6 12. f4 Bg6 13. Bh3 Be4 14. Rh2 Qg6 15.
c3 e6 16. Nd2 Bc2 17. Qc1 Bd6 18. Ngf3 Ne7 19. Nf1 Rf8 20. Ne1 Be4 21. Ng3
O-O-O 22. Rf2 Kb8 23. Nf3 Bd3+ 24. Ke1 Bf5 25. Bg2 Qh7 26. a4 Bg4 27. Nh2 Nf5
28. Nxf5 exf5 29. a5 Rfe8 30. Nf1 Nf8 31. b4 Ng6 32. Kd2 a6 33. b5 axb5 34. a6
bxa6 35. Qb2 Kb7 36. c4 Nxf4 37. cxb5 axb5 38. Rxf4 Bxf4 39. Bxd5 Rxd5 40. Qa3
Rxd4+ 41. Kc2 Rc4+ 42. Kb1 Bxe3 43. Qa6+ Kc7 44. Nxe3 f4+ 45. Kb2 fxe3 46. Qa5+
Kd6 47. Qa3+ b4 0-1

[Event "Festival"]
[Site "Marostica ITA"]
[Date "1995.09.??"]
[Round "2"]
[White "Lucaroni, Massimiliano"]
[Black "Sarno, Spartaco"]
[Result "1/2-1/2"]
[WhiteElo "2280"]
[BlackElo "2405"]
[PlyCount "81"]
[EventDate "1995.09.08"]

1. e4 d6 2. d4 Nf6 3. Nc3 g6 4. f4 Bg7 5. Nf3 O-O 6. Be3 b6 7. Bc4 Bb7 8. e5
Ng4 9. Qe2 c5 10. d5 dxe5 11. fxe5 Nxe5 12. Nxe5 Bxe5 13. Bh6 Nd7 14. O-O Qc7
15. Kh1 a6 16. a4 Bg7 17. Bxg7 Kxg7 18. Qxe7 Rae8 19. Rxf7+ Rxf7 20. Qxf7+ Kxf7
21. d6+ Kg7 22. dxc7 Nf6 23. Rd1 Re7 24. h3 Rxc7 25. Rd6 Nd7 26. Nd5 Bxd5 27.
Rxd5 b5 28. axb5 Nb6 29. bxa6 Nxc4 30. b3 Ne3 31. Rd2 h5 32. c3 Nf5 33. Ra2 Ra7
34. b4 cxb4 35. cxb4 Nd4 36. Ra5 Nc6 37. Ra4 Nd4 38. Ra5 Nb3 39. Ra3 Nd4 40.
Ra5 Nc6 41. Ra4 1/2-1/2

[Event "Festival"]
[Site "Marostica ITA"]
[Date "1995.09.??"]
[Round "2"]
[White "Mantovani, Renzo"]
[Black "Rosino, Antonio"]
[Result "1-0"]
[WhiteElo "2365"]
[BlackElo "2320"]
[PlyCount "69"]
[EventDate "1995.09.08"]

1. e4 e5 2. Bc4 Nf6 3. Qe2 Nc6 4. Nf3 Be7 5. d3 d6 6. Nbd2 O-O 7. c3 Be6 8. Bb3
Bxb3 9. axb3 d5 10. b4 a6 11. O-O dxe4 12. dxe4 Re8 13. Nc4 Bf8 14. Bg5 h6 15.
Rfd1 Qe7 16. Bh4 Qe6 17. Nfd2 Be7 18. Ne3 Nxe4 19. Nxe4 Bxh4 20. Nc5 Qg6 21.
Nxb7 e4 22. Nc4 f5 23. f4 exf3 24. Qxf3 Re4 25. Nc5 Rxc4 26. Qd5+ Qf7 27. Qxc6
Re8 28. Rd7 Be7 29. Rxc7 Bxc5+ 30. bxc5 Qe6 31. Qxe6+ Rxe6 32. h3 Rce4 33. Rc8+
Kh7 34. c6 Re2 35. c7 1-0

[Event "Festival"]
[Site "Marostica ITA"]
[Date "1995.09.??"]
[Round "2"]
[White "Micheli, Carlo"]
[Black "Aranovitch, Emiliano"]
[Result "1-0"]
[WhiteElo "2295"]
[BlackElo "2280"]
[PlyCount "79"]
[EventDate "1995.09.08"]

1. e4 c5 2. Nf3 d6 3. d4 cxd4 4. Nxd4 Nf6 5. Nc3 Nc6 6. Bg5 e6 7. Qd2 Be7 8.
O-O-O Nxd4 9. Qxd4 O-O 10. f4 Qa5 11. Bc4 Bd7 12. h4 Bc6 13. Rde1 e5 14. Qd3
exf4 15. Rhf1 h6 16. Bxf4 Ng4 17. Qg3 Qh5 18. Be2 Bd7 19. Rh1 Bf6 20. Nd5 Be5
21. Ref1 Kh8 22. Ne3 Bxf4 23. Qxf4 Qa5 24. Bxg4 Bb5 25. Re1 Qxa2 26. Nd1 a5 27.
Rh3 Qa1+ 28. Kd2 Bc4 29. Qe3 d5 30. e5 d4 31. Qa3 Qxa3 32. Rxa3 b5 33. Bf3 Ra7
34. b4 a4 35. Nb2 Be6 36. Nd3 Rc8 37. Nc5 Rac7 38. Rd3 Rxc5 39. bxc5 Rxc5 40.
Rxd4 1-0

[Event "Festival"]
[Site "Marostica ITA"]
[Date "1995.09.??"]
[Round "2"]
[White "Mrdja, Milan"]
[Black "Manca, Federico"]
[Result "1-0"]
[WhiteElo "2450"]
[BlackElo "2355"]
[PlyCount "67"]
[EventDate "1995.09.08"]

1. e4 d6 2. d4 Nf6 3. Nc3 g6 4. Be3 c6 5. f3 Nbd7 6. g4 h6 7. Qd2 b5 8. a4 b4
9. Nd1 e5 10. Nf2 exd4 11. Bxd4 c5 12. Be3 Bb7 13. Bc4 Qe7 14. O-O-O O-O-O 15.
g5 hxg5 16. Bxg5 Nb6 17. Bb3 c4 18. Qxb4 cxb3 19. Qc3+ Kb8 20. Bxf6 Bh6+ 21.
Kb1 bxc2+ 22. Kxc2 Qe6 23. Bxd8 Rxd8 24. Kb1 Rc8 25. Qd3 Nc4 26. Ne2 Qe5 27.
Qd4 Qa5 28. Ng4 Bd2 29. Nc3 Na3+ 30. Ka2 Bxc3 31. Qxd6+ Ka8 32. Qxa3 Bb4 33.
Qb3 f5 34. Nf6 1-0

[Event "Festival"]
[Site "Marostica ITA"]
[Date "1995.09.??"]
[Round "2"]
[White "Nurkic, Sahbaz"]
[Black "Borgo, Giulio"]
[Result "0-1"]
[WhiteElo "2420"]
[BlackElo "2345"]
[PlyCount "82"]
[EventDate "1995.09.08"]

1. e4 c5 2. Nf3 Nc6 3. Bb5 Nf6 4. Nc3 g6 5. e5 Ng4 6. Bxc6 dxc6 7. h3 Nh6 8. d3
Bg7 9. O-O O-O 10. Re1 Nf5 11. Bf4 Be6 12. Ne4 b6 13. Qc1 Nd4 14. Nxd4 Qxd4 15.
Ng3 f5 16. Ne2 Qd7 17. Bh6 c4 18. dxc4 Bxc4 19. Bxg7 Kxg7 20. Nf4 g5 21. e6 Qd6
22. Nd3 f4 23. Ne5 Bxe6 24. Nf3 Bd5 25. Nxg5 Qg6 26. c4 Qxg5 27. cxd5 cxd5 28.
Qc3+ Kg8 29. Qf3 Rad8 30. Re6 d4 31. Rae1 d3 32. R1e5 Qh4 33. Rxe7 d2 34. Qd1
f3 35. Re4 Qf6 36. Rg4+ Kh8 37. Rxa7 fxg2 38. Rxg2 Rfe8 39. Kh2 Qf4+ 40. Kh1
Re1+ 41. Rg1 Rxd1 0-1